书目信息 |
| 题名: |
君王论
|
|
| 作者: | 马基雅维利 著 ;徐继业 译 | |
| 分册: | ||
| 出版信息: | 北京 金城出版社有限公司 2020.6 |
|
| 页数: | 136页 | |
| 开本: | 22cm | |
| 丛书名: | 西方哲理译丛 | |
| 单 册: | ||
| 中图分类: | D033.2 | |
| 科图分类: | ||
| 主题词: | 君主制--jun zhu zhi--研究 | |
| 电子资源: | ||
| ISBN: | 978-7-5155-1943-2 | |
| 000 | 01205oam2 2200289 450 | |
| 001 | 2133108325 | |
| 005 | 20211025190356.0 | |
| 010 | @a978-7-5155-1943-2@b精装@dCNY32.00 | |
| 100 | @a20200425d2020 em y0chiy0110 ea | |
| 101 | 0 | @achi |
| 102 | @aCN@b110000 | |
| 105 | @ay z 000yy | |
| 106 | @ar | |
| 200 | 1 | @a君王论@Ajun wang lun@f(意) 尼柯洛·马基雅维利 (Nicolo Machiavelli) 著@g徐继业译 |
| 210 | @a北京@c金城出版社有限公司@d2020.6 | |
| 215 | @a136页@d22cm | |
| 225 | 2 | @a西方哲理译丛@Axi fang zhe li yi cong@v18 |
| 312 | @a书名原文:The prince | |
| 330 | @a《君王论》是意大利文艺复兴时期著名政治思想家、外交家马基雅维里的代表作,一直被奉为欧洲历代君主的案头之书、政治家的最高指南、统治阶级巩固其统治的治国原则。本书自1532年开始印行,迄今480多年,从西方到东方,在政界、宗教界、学术界等领域引起巨大的反响,与《圣经》《资本论》等一起被西方评论界列为影响人类历史的十部著作。 | |
| 461 | 0 | @12001 @a西方哲理译丛@v18 |
| 510 | 1 | @aThe prince@zeng |
| 606 | 0 | @a君主制@Ajun zhu zhi@x研究 |
| 690 | @aD033.2@v5 | |
| 701 | 0 | @c(意)@a马基雅维利@Ama ji ya wei li@c(Nicolo Machiavelli)@4著 |
| 702 | 0 | @a徐继业@Axu ji ye@4译 |
| 801 | 0 | @aCN@b百万庄@c20211025 |
| 905 | @b1312213-15@dD033.2@e195@f3 | |
| 君王论/(意) 尼柯洛·马基雅维利 (Nicolo Machiavelli) 著/徐继业译.-北京:金城出版社有限公司,2020.6 |
| 136页;22cm.-(西方哲理译丛;18) |
| ISBN 978-7-5155-1943-2(精装):CNY32.00 |
| 《君王论》是意大利文艺复兴时期著名政治思想家、外交家马基雅维里的代表作,一直被奉为欧洲历代君主的案头之书、政治家的最高指南、统治阶级巩固其统治的治国原则。本书自1532年开始印行,迄今480多年,从西方到东方,在政界、宗教界、学术界等领域引起巨大的反响,与《圣经》《资本论》等一起被西方评论界列为影响人类历史的十部著作。 |
| ● |
| 相关链接 |
|
|
|
|
正题名:君王论
索取号:D033.2/195
 
预约/预借
| 序号 | 登录号 | 条形码 | 馆藏地/架位号 | 状态 | 备注 |
| 1 | 1312213 | 213122137 | 第一样本阅览室/ [索取号:D033.2/195] | 在馆 | |
| 2 | 1312214 | 213122146 | 第一借阅区/ [索取号:D033.2/195] | 在馆 | |
| 3 | 1312215 | 213122155 | 第一借阅区/ [索取号:D033.2/195] | 在馆 |